000 00649nam a22002297a 4500
003 OSt
005 20140310183056.0
008 130228t xxu||||| |||| 00| 0 eng d
020 _a9710864866
050 _aLB 1765
_b.Qu7 2004
082 _aFIL 379.157
_bQ42004
245 _aReviewer for licensure examination for teachers (LET)
_c Quinn, Magdalena S. ,Mercedes R. Lamorena
250 _a2004 ed.
260 _aMandaluyong City
_bNational Book Store
_cc2004
300 _avii, 275 p.
_c23 cm.
521 _acollege students
526 _c1210L-1700L
541 _j1
541 _j2
562 _e2
942 _2lcc
_cBK
_kFIL
999 _c18676
_d18676